000 00947nam a2200241 a 4500
001 80699
003 BD-RjUL
005 20221103105944.0
008 221103s2012 bg a|||| m||| 00| 0 eng d
035 _a(BD-RjUL)80699
040 _aBD-RjUL
_beng
_cBD-RjUL
_dBD-RjUL
041 _aeng
082 _223
_a331.7095492
_bAKW 2012
100 _aAkanda,Md. Asaduzzaman
_95682
245 1 0 _aWorkers' Management Practice in Readymade Garment Industries of Bangladesh :
_cMd. Asaduzzaman Akanda
_6Supervisor : M. Zainul Abedin
260 _aRajshahi :
_bInstitute of Bangladesh Studies, University of Rajshahi,
_c2012
300 _a[3], xxxiv, 240 leaves :
_bill.;
_c29 cm.
502 _aThesis (Ph. D.) --Institute of Bangladesh Studies, University of Rajshahi,2012
504 _aBibliography: Leaves 219-230
650 _aLabor Economics
_xGarment Industries
_zBangladesh
_95683
700 _aAbedin, M. Zainul, Supervisor
_91323
942 _2ddc
_cTHE
999 _c80699
_d80699